| 000 | 00694nam a2200217 i 4500 | ||
|---|---|---|---|
| 001 | 15926 | ||
| 003 | ES-MaACL | ||
| 005 | 20230906151210.0 | ||
| 007 | t| | ||
| 008 | 000519s1999 sp ||||1| spa d | ||
| 020 | _a84-88365-09-8 | ||
| 080 | _a616.89 | ||
| 080 | _a343.953 | ||
| 100 | 1 |
_aLópez Zanón, Antonio. _974045 |
|
| 245 | 1 | 0 |
_aNuestra psicopatología medicolegal en la encrucijada del tercer milenio _b: (breve ensayo sobre los mas acuciantes problemas) / _cAntonio López Zanón. |
| 260 |
_aMadrid : _bEdipo, _c1999. |
||
| 300 |
_a96 p. ; _c19 cm. |
||
| 650 | 4 |
_aPsicopatología. _916577 |
|
| 650 | 4 |
_aDelicuentes- _xPsicología. _911550 |
|
| 852 |
_aES-MaACL _jL-22902 _bR.128098 |
||
| 999 |
_c15926 _d15926 |
||